[Event "XXVI C.to Italiano femminile"]
[Site "Porto San Giorgio ITA"]
[Date "1999.08.28"]
[Round "9"]
[White "Capuano, Francesca"]
[Black "De Nisi, Martina"]
[Result "1/2-1/2"]
[WhiteElo "1651"]
[BlackElo "1515"]
[PlyCount "82"]
[EventDate "1999.08.20"]

1.Nf3 b6 2.d4 Nf6 3.Bf4 g6 4.e3 Bg7 5.Bd3 Bb7 6.O-O O-O 7.Nbd2 d6 8.c4 
Nbd7 9.e4 Nh5 10.Be3 c5 11.Rb1 cxd4 12.Bxd4 e5 13.Be3 Nc5 14.Bc2 Qc7 15.g3
Nf6 16.Bxc5 dxc5 17.Qe2 Rad8 18.Rfd1 Rd6 19.Nxe5 Nxe4 20.Bxe4 Bxe4 21.Nxe4
Rxd1+ 22.Rxd1 Qxe5 23.Rd2 Re8 24.Nc3 Qxe2 25.Nxe2 Bf6 26.Kg2 Kg7 27.Kf3 
Re7 28.h4 h5 29.b3 Kh7 30.Rd6 Kg7 31.Nf4 Be5 32.Rd2 Bxf4 33.Kxf4 Kf6 34.f3
Kg7 35.g4 f6 36.Rg2 Kh6 37.Rd2 g5+ 38.Kg3 gxh4+ 39.Kxh4 hxg4 40.Kxg4 Kg6 
41.Kf4 Kf7 1/2-1/2

[Event "XXVI C.to Italiano femminile"]
[Site "Porto San Giorgio ITA"]
[Date "1999.08.28"]
[Round "9"]
[White "Sirletti, Sonia"]
[Black "Sautto, Alessandra"]
[Result "1-0"]
[WhiteElo "1804"]
[BlackElo "1515"]
[PlyCount "45"]
[EventDate "1999.08.20"]

1.d4 d5 2.c4 dxc4 3.Nc3 e5 4.e3 exd4 5.exd4 Nc6 6.Be3 Bd6 7.Bxc4 a6 8.a3 
b5 9.Ba2 Bb7 10.Nf3 Nf6 11.O-O O-O 12.Re1 h6 13.Rc1 Ne7 14.Ne5 Bxe5 15.
dxe5 Qxd1 16.Rcxd1 Ng4 17.Bc5 Rfe8 18.h3 Nxe5 19.Rxe5 Ng6 20.Rxe8+ Rxe8 
21.Rd7 Ne5 22.Rxc7 Bc8 23.Bd6 1-0

[Event "VII C.to Italiano U20"]
[Site "Laveno-Mombello ITA"]
[Date "1999.08.11"]
[Round "1"]
[White "Arnetta, Maria Teresa"]
[Black "Cacco, Christian"]
[Result "0-1"]
[WhiteElo "1792"]
[BlackElo "2292"]
[PlyCount "126"]
[EventDate "1999.08.11"]

1. e4 c5 2. c3 Nf6 3. e5 Nd5 4. d4 cxd4 5. cxd4 Nc6 6. Bc4 Nb6 7. Bb3 d6 8. Nf3
dxe5 9. Nxe5 Nxe5 10. dxe5 Qxd1+ 11. Bxd1 g6 12. Nc3 Bg7 13. f4 Bd7 14. Bf3 Bc6
15. Bxc6+ bxc6 16. O-O O-O 17. Ne4 f6 18. exf6 exf6 19. Rb1 f5 20. Ng5 Rfe8 21.
Nf3 Rad8 22. Ne5 Bxe5 23. fxe5 Rxe5 24. Bf4 Re4 25. Rbc1 Nd5 26. Bg5 Rd6 27.
Rc5 Nc7 28. Ra5 Ne6 29. Bh6 Rd7 30. h3 c5 31. Ra6 Kf7 32. Rf3 Rb4 33. b3 Re4
34. Rc3 f4 35. Rc4 Red4 36. Rc1 g5 37. Re1 R4d6 38. Ra4 Kg6 39. Rae4 Kxh6 40.
Rxe6+ Rxe6 41. Rxe6+ Kh5 42. Rc6 Rd2 43. Rc7 Kh4 44. Rxc5 Rxa2 45. Rc3 a5 46.
Rd3 Re2 47. Kf1 Re3 48. Rd5 Rxb3 49. Rxa5 h5 50. Rf5 Rb2 51. Kg1 g4 52. Rxf4
Kg3 53. Rf1 Rxg2+ 54. Kh1 Rh2+ 55. Kg1 Kxh3 56. Rf5 h4 57. Rf4 Ra2 58. Rf1 g3
59. Rd1 Ra4 60. Re1 Kg4 61. Rc1 h3 62. Kh1 h2 63. Rc2 Ra1+ 0-1

[Event "VII C.to Italiano U20"]
[Site "Laveno-Mombello ITA"]
[Date "1999.08.11"]
[Round "1"]
[White "Biasoli, Marco"]
[Black "Drabke, Lorenz Maximilian"]
[Result "0-1"]
[WhiteElo "1600"]
[BlackElo "2102"]
[PlyCount "58"]
[EventDate "1999.08.11"]

1. e4 c5 2. Bc4 e6 3. d3 Nc6 4. Nf3 d6 5. Nc3 Nf6 6. Bg5 Be7 7. Qd2 O-O 8. O-O
a6 9. a3 b5 10. Bb3 Bb7 11. Rfe1 Qc7 12. Nd1 h6 13. Bf4 Kh7 14. Ne3 Rac8 15. c3
Rfd8 16. Rad1 Ne5 17. Bxe5 dxe5 18. Qe2 Bd6 19. c4 Bc6 20. Bc2 Nh5 21. g3 g6
22. b3 f5 23. Nh4 Nf6 24. Nhg2 Rf8 25. Rf1 f4 26. Ng4 f3 27. Qxf3 Nxe4 28. Qe3
Ng5 29. Nh4 Nh3# 0-1

[Event "VII C.to Italiano U20"]
[Site "Laveno-Mombello ITA"]
[Date "1999.08.11"]
[Round "1"]
[White "Castaldo, Folco"]
[Black "Arnetta, Marianna"]
[Result "1-0"]
[WhiteElo "2225"]
[BlackElo "1714"]
[PlyCount "99"]
[EventDate "1999.08.11"]

1. e4 e6 2. d4 d5 3. Nd2 Nf6 4. e5 Nfd7 5. Bd3 c5 6. c3 Nc6 7. Ne2 cxd4 8. cxd4
f6 9. exf6 Nxf6 10. Nf3 Bd6 11. O-O O-O 12. Bf4 Qc7 13. Bxd6 Qxd6 14. Ng3 e5
15. dxe5 Nxe5 16. Nxe5 Qxe5 17. Qb3 Kh8 18. Rae1 Qf4 19. Bc2 Qh4 20. Qd3 Bd7
21. Re5 g6 22. h3 Bc6 23. Ne2 Rad8 24. Qd4 Qxd4 25. Nxd4 Rfe8 26. Rfe1 Rxe5 27.
Rxe5 Kg7 28. f4 Kf7 29. Kf2 Re8 30. Rxe8 Bxe8 31. Ke3 Ke7 32. Nf3 Kd6 33. g4
Bd7 34. Kd4 h5 35. g5 Ne4 36. h4 Bf5 37. Ne5 Ng3 38. Ba4 Be4 39. Bd7 Nf5+ 40.
Bxf5 Bxf5 41. Ke3 Kc5 42. Nf3 b5 43. Nd4 Be4 44. f5 gxf5 45. Kf4 Kd6 46. Nxb5+
Ke6 47. Nd4+ Kf7 48. Nxf5 Bb1 49. a3 Ke6 50. Ng7+ 1-0

[Event "VII C.to Italiano U20"]
[Site "Laveno-Mombello ITA"]
[Date "1999.08.11"]
[Round "1"]
[White "Costantini, Roberto"]
[Black "Cardarelli, Angelo"]
[Result "1/2-1/2"]
[WhiteElo "2196"]
[BlackElo "1633"]
[PlyCount "87"]
[EventDate "1999.08.11"]

1. e4 c5 2. Nf3 Nc6 3. Nc3 d6 4. d4 cxd4 5. Nxd4 e5 6. Nb3 Nf6 7. f3 Be6 8. Be3
d5 9. exd5 Nxd5 10. Nxd5 Qxd5 11. Qxd5 Bxd5 12. O-O-O Be6 13. Nc5 Bxc5 14. Bxc5
Rc8 15. Kb1 Bf5 16. Bd3 Bxd3 17. Rxd3 Rd8 18. Rhd1 Rxd3 19. Rxd3 h5 20. Be3 Ke7
21. Bc5+ Ke8 22. Rd6 h4 23. b4 Rh5 24. c3 Rg5 25. Rd2 b6 26. Be3 Rg6 27. Kc2
Ne7 28. Re2 Rc6 29. Kb3 Nd5 30. Bd2 f6 31. f4 Re6 32. fxe5 Rxe5 33. Rxe5+ fxe5
34. Bg5 Nf4 35. Bxh4 Nxg2 36. Bg3 e4 37. Kc2 Ne3+ 38. Kd2 Nc4+ 39. Ke2 b5 40.
Bf2 a6 41. Bd4 Kf7 42. Kf2 g6 43. Kg3 Ke6 44. Kf4 1/2-1/2

[Event "VII C.to Italiano U20"]
[Site "Laveno-Mombello ITA"]
[Date "1999.08.11"]
[Round "1"]
[White "Delfino, Luigi"]
[Black "Lorusso, Giuseppe"]
[Result "1-0"]
[WhiteElo "1909"]
[BlackElo "1528"]
[PlyCount "49"]
[EventDate "1999.08.11"]

1. e4 c5 2. Nf3 Nc6 3. Nc3 d6 4. Bb5 a6 5. Bxc6+ bxc6 6. h3 e6 7. O-O Ne7 8.
Re1 g6 9. d4 cxd4 10. Qxd4 e5 11. Qa4 Bg7 12. Bg5 f6 13. Be3 O-O 14. Rad1 d5
15. Bc5 d4 16. Ne2 Qc7 17. c3 dxc3 18. Qc4+ Kh8 19. Nxc3 Re8 20. Bd6 Qb7 21.
Qf7 Bxh3 22. gxh3 Qxb2 23. Bxe7 Qxc3 24. Bxf6 Rg8 25. Rd7 1-0

[Event "VII C.to Italiano U20"]
[Site "Laveno-Mombello ITA"]
[Date "1999.08.11"]
[Round "1"]
[White "Dorighet, Claudio"]
[Black "Arcion, Riccardo"]
[Result "1-0"]
[WhiteElo "2121"]
[BlackElo "1536"]
[PlyCount "57"]
[EventDate "1999.08.11"]

1. c4 Nf6 2. Nc3 e6 3. e4 d6 4. f4 Be7 5. Nf3 c5 6. Be2 Nc6 7. O-O O-O 8. Kh1
d5 9. cxd5 exd5 10. e5 Ne4 11. d3 Nxc3 12. bxc3 d4 13. c4 f6 14. Qe1 fxe5 15.
fxe5 Rf5 16. Qg3 Qc7 17. Bh6 Bf8 18. Bf4 Be7 19. Nd2 Qd8 20. Bg4 Rf8 21. Ne4
Bxg4 22. Qxg4 Qc8 23. e6 Kh8 24. Nd6 Bxd6 25. Bxd6 Rd8 26. Rf7 Rg8 27. Re1 Qe8
28. Re4 b6 29. Qg6 1-0

[Event "VII C.to Italiano U20"]
[Site "Laveno-Mombello ITA"]
[Date "1999.08.11"]
[Round "1"]
[White "Forato, Piero"]
[Black "Rouchouse, Stevens"]
[Result "1/2-1/2"]
[WhiteElo "1665"]
[BlackElo "2198"]
[PlyCount "31"]
[EventDate "1999.08.11"]

1. e4 c5 2. Nf3 e6 3. d4 cxd4 4. Nxd4 a6 5. c4 Nf6 6. Nc3 Qc7 7. Be3 d6 8. Be2
Bd7 9. O-O Nc6 10. Rc1 Be7 11. Kh1 O-O 12. f4 Nxd4 13. Bxd4 Bc6 14. Bf3 b6 15.
Nd5 Qb7 16. Nxe7+ 1/2-1/2

[Event "VII C.to Italiano U20"]
[Site "Laveno-Mombello ITA"]
[Date "1999.08.11"]
[Round "1"]
[White "Galli, Fabio"]
[Black "Pavanello, Diego"]
[Result "1-0"]
[WhiteElo "2158"]
[BlackElo "1609"]
[PlyCount "91"]
[EventDate "1999.08.11"]

1. e4 c6 2. d4 d5 3. exd5 cxd5 4. c4 Nf6 5. Nc3 e6 6. Nf3 Nc6 7. Bg5 Be7 8. c5
O-O 9. Bd3 b6 10. cxb6 Qxb6 11. Qd2 Ba6 12. Na4 Qb4 13. Bxf6 Bxf6 14. Bxa6 Qxa4
15. Bb7 Rab8 16. Bxc6 Qxc6 17. O-O Qb6 18. b3 Rfc8 19. Rfc1 Kf8 20. Rc3 Qa6 21.
Rac1 Ke8 22. Qc2 Rxc3 23. Qxc3 Qb7 24. h3 Kd7 25. Kf1 Rc8 26. Qxc8+ Qxc8 27.
Rxc8 Kxc8 28. Ke2 Kd7 29. Kd3 Kc6 30. Kc3 Kb5 31. h4 h5 32. Ng5 Bxg5 33. hxg5
h4 34. f4 a6 35. a3 f6 36. g6 f5 37. b4 Kb6 38. a4 Kc6 39. Kd3 Kd6 40. Ke3 Kc6
41. Kf2 Kd6 42. Kg1 Kc6 43. Kh2 Kd6 44. Kh3 Kc6 45. Kxh4 Kd6 46. g4 1-0

[Event "VII C.to Italiano U20"]
[Site "Laveno-Mombello ITA"]
[Date "1999.08.11"]
[Round "1"]
[White "Ganci, Fabrizio"]
[Black "De Bortoli, Peter"]
[Result "1/2-1/2"]
[WhiteElo "1669"]
[BlackElo "2225"]
[PlyCount "162"]
[EventDate "1999.08.11"]

1. d4 b6 2. Bf4 Bb7 3. Nd2 e6 4. e4 h6 5. Bd3 g5 6. Be5 Rh7 7. Ne2 h5 8. h4
gxh4 9. Rh3 Be7 10. Bh2 Nc6 11. d5 Nb4 12. dxe6 Nxd3+ 13. Rxd3 fxe6 14. Nf4 Nf6
15. Nxe6 dxe6 16. Rxd8+ Rxd8 17. Qe2 Ng4 18. Bf4 Rf7 19. Be3 Nxe3 20. fxe3 Kd7
21. Qxh5 Rg7 22. O-O-O Kc8 23. Qe5 Rg6 24. Nf3 Rdg8 25. Nd4 Bd6 26. Qh5 Bxe4
27. Qxh4 Rg4 28. Qf6 R8g6 29. Qh8+ Rg8 30. Qh6 R8g6 31. Qh8+ Rg8 32. Qh6 R4g6
33. Qh4 Rg4 34. Qh6 R4g6 35. Qh4 Bxg2 36. Nb5 Bc5 37. Qf4 R6g7 38. Rg1 Bc6 39.
Rxg7 Rxg7 40. Nxa7+ Kb7 41. Nxc6 Kxc6 42. Qe4+ Kd7 43. b4 Bd6 44. Kb2 Rg3 45.
Qc4 Rg5 46. Qd4 Rd5 47. Qe4 Re5 48. Qh7+ Kc6 49. Qd3 Rd5 50. Qe4 Kd7 51. a3 Re5
52. Qd4 Rd5 53. Qc4 Be5+ 54. Kb3 Rd1 55. Qb5+ Kd6 56. Qe8 Re1 57. Qd8+ Kc6 58.
Qg5 Rb1+ 59. Kc4 b5+ 60. Kd3 Bd6 61. Qg8 Kd7 62. Qf7+ Be7 63. Ke4 Rd1 64. Qh5
Rd5 65. Qe2 Rg5 66. Qd3+ Bd6 67. Qb3 c6 68. Qc3 Rg4+ 69. Kd3 e5 70. Qd2 Ke6 71.
Qf2 c5 72. c3 c4+ 73. Kc2 e4 74. a4 bxa4 75. Qe2 Kf5 76. Qxc4 Rg2+ 77. Kb1 a3
78. Qf7+ Kg4 79. Qd5 Kf3 80. Qxd6 Rb2+ 81. Kc1 Kxe3 1/2-1/2

[Event "VII C.to Italiano U20"]
[Site "Laveno-Mombello ITA"]
[Date "1999.08.11"]
[Round "1"]
[White "Gianfrancesco, Alessandro"]
[Black "Artizzu, Giulio"]
[Result "1-0"]
[WhiteElo "1624"]
[BlackElo "1825"]
[PlyCount "63"]
[EventDate "1999.08.11"]

1. d4 Nf6 2. Nf3 c5 3. Bg5 Ne4 4. Bf4 e6 5. e3 d5 6. Nbd2 Nxd2 7. Qxd2 Be7 8.
c4 Nc6 9. a3 O-O 10. Be2 b6 11. O-O Ba6 12. cxd5 Bxe2 13. Qxe2 Qxd5 14. dxc5 e5
15. Rfd1 Qe6 16. Bg3 bxc5 17. Rac1 Rad8 18. Qa6 Qg6 19. b4 cxb4 20. axb4 Rxd1+
21. Rxd1 e4 22. b5 exf3 23. bxc6 Qc2 24. Rd7 Qc1+ 25. Qf1 Qc5 26. c7 Bf6 27.
Qd1 Qb6 28. gxf3 Rc8 29. Rxf7 Qc6 30. Rd7 Qb6 31. Qd5+ Kf8 32. e4 1-0

[Event "VII C.to Italiano U20"]
[Site "Laveno-Mombello ITA"]
[Date "1999.08.11"]
[Round "1"]
[White "Iafelice, Vincenzo"]
[Black "Mariano, Elia"]
[Result "0-1"]
[WhiteElo "1741"]
[BlackElo "2235"]
[PlyCount "80"]
[EventDate "1999.08.11"]

1. e4 c6 2. d4 d5 3. Nd2 dxe4 4. Nxe4 Bf5 5. Ng3 Bg6 6. h4 h6 7. Nf3 Nd7 8. Bd3
Bxd3 9. Qxd3 Qc7 10. Bd2 e6 11. O-O-O O-O-O 12. Ne4 Ngf6 13. Rhe1 Nxe4 14. Qxe4
Nf6 15. Qe2 c5 16. Qc4 Rd5 17. Re5 Bd6 18. Rxd5 exd5 19. Qa4 a6 20. Ba5 Bf4+
21. Kb1 Qc6 22. Qxc6+ bxc6 23. Ne5 Bxe5 24. dxe5 Ng4 25. Bb6 Re8 26. Bxc5 Rxe5
27. f3 Nf6 28. g4 Re2 29. Bd4 Ne8 30. Rh1 Kd7 31. g5 h5 32. c4 g6 33. cxd5 cxd5
34. Bc5 Nc7 35. Rd1 Rh2 36. Rd4 Ne6 37. Rxd5+ Kc6 38. Bg1 Rxh4 39. Rd1 Nxg5 40.
Be3 Nxf3 0-1

[Event "VII C.to Italiano U20"]
[Site "Laveno-Mombello ITA"]
[Date "1999.08.11"]
[Round "1"]
[White "Jovanovic, Zoran"]
[Black "Ferro, Mario"]
[Result "1-0"]
[WhiteElo "2310"]
[BlackElo "1807"]
[PlyCount "87"]
[EventDate "1999.08.11"]

1. e4 e6 2. d4 d5 3. Nc3 dxe4 4. Nxe4 Nd7 5. Bd3 Ngf6 6. Qe2 Nxe4 7. Bxe4 Nf6
8. Bxb7 Bxb7 9. Qb5+ Qd7 10. Qxb7 Rd8 11. Nf3 Bd6 12. O-O O-O 13. Qa6 c5 14.
dxc5 Bxc5 15. Bg5 Rb8 16. Bxf6 gxf6 17. Rad1 Qc7 18. b3 Rb4 19. Qe2 Rd4 20. Ne5
Rf4 21. Nd3 Rf5 22. c4 Rg5 23. Nxc5 Qxc5 24. Rd3 Kh8 25. Qf3 Rf5 26. Qe3 Qa3
27. Rd7 Qxa2 28. Rxa7 Qc2 29. Rd7 Rg5 30. Qd3 Qa2 31. Qc3 Kg7 32. Rd3 Rb8 33.
Rg3 Rg6 34. b4 Qa4 35. b5 e5 36. h3 Rc8 37. Rc1 h5 38. Qb3 Qa5 39. c5 h4 40.
Rxg6+ fxg6 41. c6 Qb6 42. Qd5 Rd8 43. Qxd8 Qxd8 44. c7 1-0

[Event "VII C.to Italiano U20"]
[Site "Laveno-Mombello ITA"]
[Date "1999.08.11"]
[Round "1"]
[White "Loetscher, Roland"]
[Black "Berni, Giorgio"]
[Result "1-0"]
[WhiteElo "2209"]
[BlackElo "1665"]
[PlyCount "63"]
[EventDate "1999.08.11"]

1. d4 Nf6 2. c4 g6 3. Nc3 Bg7 4. e4 d6 5. Nf3 O-O 6. Be2 e5 7. O-O Nc6 8. d5
Ne7 9. Ne1 Ne8 10. Nd3 f5 11. Bd2 Nf6 12. f3 f4 13. g4 g5 14. b4 Rf7 15. c5 Bf8
16. a4 h5 17. h3 hxg4 18. hxg4 Rh7 19. Kg2 Ng6 20. Be1 Qe7 21. a5 Qg7 22. Bf2
Nh4+ 23. Bxh4 gxh4 24. Kh1 Qg5 25. Rg1 Bd7 26. Qe1 Be7 27. Qf2 Kg7 28. b5 Rc8
29. c6 Be8 30. cxb7 Rb8 31. Qxa7 Nd7 32. a6 1-0

[Event "VII C.to Italiano U20"]
[Site "Laveno-Mombello ITA"]
[Date "1999.08.11"]
[Round "1"]
[White "Pelosin, Matteo"]
[Black "Mazzilli, Piero"]
[Result "0-1"]
[WhiteElo "1606"]
[BlackElo "2131"]
[PlyCount "96"]
[EventDate "1999.08.11"]

1. e4 c5 2. d4 cxd4 3. c3 d5 4. exd5 Qxd5 5. cxd4 Nc6 6. Nf3 Bg4 7. Nc3 Bxf3 8.
gxf3 Qxd4 9. Qxd4 Nxd4 10. Nb5 O-O-O 11. Nxd4 Rxd4 12. Be3 Rd7 13. Bxa7 e6 14.
Bb5 Bb4+ 15. Ke2 Rd2+ 16. Ke3 Rd5 17. Rac1+ Kd8 18. Bb6+ Ke7 19. Rc7+ Kf6 20.
Bc4 Ne7 21. Rxb7 Nf5+ 22. Kf4 Rd2 23. a3 h5 24. Bxe6 Bd6+ 25. Ke4 Kxe6 26. Be3
Rd5 27. f4 Bxa3 28. Rb6+ Bd6 29. Rc1 Nxe3 30. fxe3 f5+ 31. Kf3 Re8 32. Rcc6 Kd7
33. Rc2 g6 34. Rb7+ Kd8 35. Rg7 Re6 36. Rg8+ Ke7 37. Rgc8 Rd3 38. Re2 Re4 39.
Kf2 Bb4 40. Rc6 Kf7 41. Rc7+ Kf6 42. Rc6+ Kf7 43. Rc7+ Ke6 44. Rc6+ Bd6 45. h3
Kd7 46. Ra6 Rb4 47. Rc2 Ke7 48. Ra7+ Kf6 0-1

[Event "VII C.to Italiano U20"]
[Site "Laveno-Mombello ITA"]
[Date "1999.08.11"]
[Round "1"]
[White "Sedani, Elisa"]
[Black "Lapiccirella, Daniele"]
[Result "0-1"]
[WhiteElo "1479"]
[BlackElo "1891"]
[PlyCount "70"]
[EventDate "1999.08.11"]

1. e4 c5 2. Nf3 e6 3. d4 cxd4 4. Nxd4 a6 5. Nc3 Qc7 6. Bd3 Nc6 7. Nxc6 Qxc6 8.
O-O b5 9. Be3 Bb7 10. Qd2 Nf6 11. f3 Bb4 12. Bd4 e5 13. Be3 Rc8 14. Qf2 Bxc3
15. bxc3 Qxc3 16. Qg3 O-O 17. Bh6 Nh5 18. Qg4 Qd4+ 19. Kh1 Rc6 20. Bd2 Nf6 21.
Qg3 Re6 22. Rae1 d5 23. Qh4 dxe4 24. fxe4 Qa4 25. Bg5 Nd7 26. Rf3 Rc8 27. Ref1
f6 28. Qg4 Qxa2 29. Bh6 Re7 30. Rg3 g6 31. h4 Qe6 32. Qf3 Kh8 33. Rh3 Rg8 34.
Qe2 Nc5 35. Be3 Nxe4 0-1

[Event "VII C.to Italiano U20"]
[Site "Laveno-Mombello ITA"]
[Date "1999.08.11"]
[Round "1"]
[White "Serio, Danilo"]
[Black "Coratella, Giuseppe"]
[Result "0-1"]
[WhiteElo "1588"]
[BlackElo "2098"]
[PlyCount "98"]
[EventDate "1999.08.11"]

1. e4 e6 2. d4 d5 3. Nc3 Nf6 4. e5 Nfd7 5. Nce2 c5 6. c3 Nc6 7. f4 Nb6 8. Nf3
Bd7 9. g3 Rc8 10. Bg2 a5 11. O-O a4 12. Nh4 cxd4 13. cxd4 Be7 14. f5 Bxh4 15.
gxh4 exf5 16. Bg5 Ne7 17. Ng3 h6 18. Bxe7 Qxe7 19. Nxf5 Bxf5 20. Rxf5 Qxh4 21.
Qd3 O-O 22. Raf1 Rc6 23. R5f4 Qe7 24. Bh3 Nc4 25. R4f2 Rb6 26. b3 axb3 27. axb3
Na5 28. Rb1 Rb4 29. Qc3 Nc6 30. Rbf1 Nxd4 31. e6 f5 32. Bxf5 Nxf5 33. Rxf5 Rxf5
34. Rxf5 Rg4+ 35. Kf1 Qxe6 36. Qf3 Re4 37. Qf2 Re1+ 38. Qxe1 Qxf5+ 39. Kg1 d4
40. Qd1 d3 41. h4 h5 42. Qc1 Qg4+ 43. Kf2 Qxh4+ 44. Kf3 Qg4+ 45. Kf2 Qd4+ 46.
Kg2 d2 47. Qc8+ Kh7 48. Qf5+ Kh6 49. Qe6+ g6 0-1

[Event "VII C.to Italiano U20"]
[Site "Laveno-Mombello ITA"]
[Date "1999.08.11"]
[Round "1"]
[White "Tappeiner, Michael"]
[Black "Galioto, Natale"]
[Result "1/2-1/2"]
[WhiteElo "1579"]
[BlackElo "1934"]
[PlyCount "99"]
[EventDate "1999.08.11"]

1. e4 e6 2. d4 d5 3. Nc3 Bb4 4. Qd3 dxe4 5. Qxe4 Nf6 6. Qh4 c5 7. Nf3 Nc6 8.
Bb5 Bd7 9. O-O Nxd4 10. Nxd4 cxd4 11. Qxd4 Bxc3 12. Bxd7+ Qxd7 13. Qxc3 O-O 14.
Be3 Rfd8 15. Qb3 Ng4 16. h3 Nxe3 17. fxe3 Qd5 18. Qxd5 Rxd5 19. Rad1 Rad8 20.
Rxd5 Rxd5 21. a4 Kf8 22. Rf4 Ke7 23. Rc4 a6 24. Rc7+ Rd7 25. Rc4 f5 26. Kf2 Kf6
27. b4 g5 28. g4 Kg6 29. Rd4 Re7 30. Kg3 h5 31. c4 fxg4 32. hxg4 h4+ 33. Kg2
Kf6 34. c5 Ke5 35. Rd6 Rc7 36. Rd4 Rc6 37. Rd7 b6 38. cxb6 Rxb6 39. Rd4 Rc6 40.
b5 axb5 41. axb5 Rb6 42. Rb4 Kd5 43. Rd4+ Kc5 44. Re4 Kxb5 45. Re5+ Kc4 46.
Rxg5 Kd3 47. Re5 Rb4 48. Kh3 Ke2 49. Kxh4 Kf3 50. Rxe6 1/2-1/2

[Event "VII C.to Italiano U20"]
[Site "Laveno-Mombello ITA"]
[Date "1999.08.11"]
[Round "1"]
[White "Tomba, Ivan"]
[Black "Frassoldati, Giacomo"]
[Result "1-0"]
[WhiteElo "2010"]
[BlackElo "1579"]
[PlyCount "95"]
[EventDate "1999.08.11"]

1. e4 c5 2. Nf3 e6 3. d4 cxd4 4. Nxd4 a6 5. Nc3 Qc7 6. Be2 Nf6 7. O-O Bb4 8.
Qd3 Nc6 9. Nxc6 bxc6 10. Bg5 d5 11. exd5 cxd5 12. Bf3 Bxc3 13. bxc3 Nd7 14.
Rfe1 Ne5 15. Qe3 Nxf3+ 16. Qxf3 O-O 17. Bf4 Qe7 18. c4 Qc5 19. Qg3 Qxc4 20. Bd6
Bd7 21. Bxf8 Rxf8 22. Qd3 Rc8 23. a3 Ba4 24. Rab1 Qxd3 25. cxd3 Bb5 26. Rec1
Rd8 27. d4 f6 28. Rb4 Rd7 29. a4 Bc4 30. Re1 Kf7 31. Rb6 Re7 32. f4 g6 33. Kf2
f5 34. Re3 Kf6 35. Ke1 h6 36. a5 Kf7 37. Kd2 Kf6 38. Kc3 Kf7 39. Kb4 Kf6 40.
Kc5 Kf7 41. Kd6 Kf6 42. Rc6 Bb5 43. Rc7 Re8 44. Kc5 Rb8 45. Rb3 g5 46. g3 Kg6
47. Rc6 Kf6 48. Rxa6 1-0

[Event "VII C.to Italiano U20"]
[Site "Laveno-Mombello ITA"]
[Date "1999.08.11"]
[Round "1"]
[White "Trentini, Danilo"]
[Black "Bonzano, Maria Angela"]
[Result "1-0"]
[WhiteElo "2100"]
[BlackElo "1593"]
[PlyCount "71"]
[EventDate "1999.08.11"]

1. d4 d5 2. c4 e6 3. cxd5 exd5 4. Nc3 Nf6 5. Bg5 Be7 6. e3 Nbd7 7. Bd3 O-O 8.
Qc2 h6 9. Bh4 c6 10. Nge2 Re8 11. O-O Nf8 12. f3 Ne6 13. Rad1 Nd7 14. Bf2 Ndf8
15. e4 dxe4 16. fxe4 Bh4 17. g3 Bg5 18. Kh1 Nc7 19. Ng1 Bg4 20. Rde1 Bf6 21. h3
Be6 22. Nce2 Qd7 23. Kg2 Rad8 24. b3 Qc8 25. g4 Bg5 26. Nf3 Bf6 27. Qc1 Be7 28.
Ng3 Bd6 29. Nf5 Ng6 30. Be3 Bxf5 31. gxf5 Nf8 32. Kf2 Kh8 33. Rg1 Nh7 34. Rg4
Rg8 35. Reg1 Nf6 36. Bxh6 1-0

[Event "VII C.to Italiano U20"]
[Site "Laveno-Mombello ITA"]
[Date "1999.08.12"]
[Round "2"]
[White "Arcion, Riccardo"]
[Black "Arnetta, Maria Teresa"]
[Result "1/2-1/2"]
[WhiteElo "1536"]
[BlackElo "1792"]
[PlyCount "94"]
[EventDate "1999.08.11"]

1. d4 Nf6 2. c4 e6 3. Nc3 Bb4 4. Qc2 c5 5. dxc5 Nc6 6. Nf3 Bxc5 7. e3 b6 8. Be2
Bb7 9. O-O O-O 10. a3 Be7 11. b4 Rc8 12. Qb3 Qc7 13. Rd1 Rfd8 14. Bb2 Qb8 15.
Rac1 Ng4 16. h3 Nge5 17. Nb5 a6 18. Nbd4 Bf6 19. Nxc6 Bxc6 20. Nd4 Bb7 21. f4
Ng6 22. Nf3 Bxb2 23. Qxb2 Ne7 24. Nd4 e5 25. fxe5 Qxe5 26. Qd2 Qg5 27. Bf3 Bxf3
28. Nxf3 Qh6 29. e4 Qh5 30. Qg5 Qxg5 31. Nxg5 h6 32. Nf3 Ng6 33. Kf2 Re8 34.
Re1 Rc6 35. Re3 Rec8 36. Rec3 Re6 37. Re1 Rce8 38. Nd2 Ne5 39. Rce3 Rd6 40. Ke2
Rg6 41. g3 Rc6 42. Rc3 Kf8 43. Rc2 Ke7 44. Kd1 Rf6 45. Ke2 h5 46. Nf3 Nc6 47.
Rd2 Re6 1/2-1/2

[Event "VII C.to Italiano U20"]
[Site "Laveno-Mombello ITA"]
[Date "1999.08.12"]
[Round "2"]
[White "Artizzu, Giulio"]
[Black "Biasoli, Marco"]
[Result "1-0"]
[WhiteElo "1825"]
[BlackElo "1600"]
[PlyCount "53"]
[EventDate "1999.08.11"]

1. e4 e5 2. f4 d6 3. Nf3 Nc6 4. Bc4 Nf6 5. fxe5 Nxe5 6. Nxe5 dxe5 7. Nc3 Bc5 8.
d3 Bg4 9. Ne2 Qd6 10. h3 Bh5 11. Bg5 O-O 12. Qd2 Qb6 13. g4 Qxb2 14. Rc1 Bg6
15. Bxf6 gxf6 16. h4 Rad8 17. Qh6 Qb6 18. Rh3 Rfe8 19. h5 Bf8 20. Qe3 Bc5 21.
Qf3 Bxe4 22. Qxe4 Rd6 23. Rf3 Qb2 24. g5 fxg5 25. Rxf7 Bb4+ 26. Kf1 Rf8 27.
Qxh7# 1-0

[Event "VII C.to Italiano U20"]
[Site "Laveno-Mombello ITA"]
[Date "1999.08.12"]
[Round "2"]
[White "Berni, Giorgio"]
[Black "Sedani, Elisa"]
[Result "1-0"]
[WhiteElo "1665"]
[BlackElo "1479"]
[PlyCount "99"]
[EventDate "1999.08.11"]

1. e4 e5 2. Nf3 Nc6 3. Bb5 Bc5 4. O-O Nge7 5. c3 a6 6. Ba4 b5 7. Bc2 Ba7 8. d4
exd4 9. cxd4 d5 10. h3 O-O 11. exd5 Nxd5 12. Nc3 Nf6 13. Be3 Bb7 14. a4 b4 15.
Ne2 h6 16. Ne1 Ne7 17. Nd3 a5 18. Ndf4 Ned5 19. Nxd5 Qxd5 20. Nf4 Qd7 21. f3
Rfe8 22. Bf2 Rad8 23. Ne2 Nd5 24. Qd3 Nf6 25. Rad1 Qc6 26. Rfe1 Ba6 27. Qd2 Qe6
28. Ng3 Qd7 29. Ne4 Nxe4 30. fxe4 Bb7 31. d5 Bb8 32. Re3 Qe7 33. Qe1 c6 34. Bb3
Qe5 35. Bg3 Qxb2 36. Rd2 Qf6 37. Rf3 Bxg3 38. Qxg3 Qe5 39. Qf2 Qxe4 40. dxc6
Qe1+ 41. Qxe1 Rxe1+ 42. Kf2 Rxd2+ 43. Kxe1 Bxc6 44. Kxd2 Bxf3 45. gxf3 Kf8 46.
Kd3 g5 47. Ke4 Kg7 48. Kf5 Kg8 49. Kf6 Kf8 50. Bxf7 1-0

[Event "VII C.to Italiano U20"]
[Site "Laveno-Mombello ITA"]
[Date "1999.08.12"]
[Round "2"]
[White "Bonzano, Maria Angela"]
[Black "Ibba, Isacco"]
[Result "0-1"]
[WhiteElo "1593"]
[BlackElo "1786"]
[PlyCount "68"]
[EventDate "1999.08.11"]

1. d4 Nf6 2. Nf3 d5 3. Bg5 Nbd7 4. e3 g6 5. c4 c6 6. Nbd2 Bg7 7. Be2 O-O 8. O-O
Re8 9. Qb3 e5 10. dxe5 Nxe5 11. cxd5 cxd5 12. Nxe5 Rxe5 13. Nf3 Re6 14. Rfd1
Rb6 15. Qc2 Qe8 16. Rab1 Bf5 17. Bd3 Rc8 18. Qe2 Ne4 19. Bxe4 Bxe4 20. b3 Bxb1
21. Rxb1 Qe4 22. Rd1 Rc2 23. Rd2 Rbc6 24. Ne1 Rxd2 25. Qxd2 Bc3 26. Qd1 Bxe1
27. Qxe1 Qe5 28. h4 Qb2 29. Qb4 Rc1+ 30. Kh2 Qxf2 31. Bh6 Qg1+ 32. Kg3 Qe1+ 33.
Qxe1 Rxe1 34. Bf4 Ra1 0-1

[Event "VII C.to Italiano U20"]
[Site "Laveno-Mombello ITA"]
[Date "1999.08.12"]
[Round "2"]
[White "Cacco, Christian"]
[Black "Trentini, Danilo"]
[Result "1-0"]
[WhiteElo "2292"]
[BlackElo "2100"]
[PlyCount "31"]
[EventDate "1999.08.11"]

1. d4 Nf6 2. Nf3 e6 3. Bg5 c5 4. e3 b6 5. Nbd2 Bb7 6. Bd3 Be7 7. c3 d5 8. Bxf6
Bxf6 9. O-O O-O 10. b4 Nd7 11. bxc5 bxc5 12. Bxh7+ Kh8 13. Bd3 e5 14. dxe5 Nxe5
15. Nxe5 Bxe5 16. Qh5+ 1-0

[Event "VII C.to Italiano U20"]
[Site "Laveno-Mombello ITA"]
[Date "1999.08.12"]
[Round "2"]
[White "Cardarelli, Angelo"]
[Black "Ganci, Fabrizio"]
[Result "0-1"]
[WhiteElo "1633"]
[BlackElo "1669"]
[PlyCount "83"]
[EventDate "1999.08.11"]

1. e4 e6 2. d4 d5 3. e5 c5 4. c3 Nc6 5. Be3 Qb6 6. Qd2 Bd7 7. Nf3 Rc8 8. Be2
cxd4 9. cxd4 Nge7 10. O-O Nf5 11. Nc3 Be7 12. Rac1 O-O 13. Bd3 Nxe3 14. fxe3 f6
15. exf6 Rxf6 16. Kh1 Rcf8 17. Na4 Qb4 18. Qc2 Nxd4 19. Bxh7+ Kh8 20. exd4 Bxa4
21. b3 Be8 22. Bd3 Bh5 23. Qe2 Bxf3 24. Rxf3 Qxd4 25. Rh3+ Rh6 26. Qxe6 Bh4 27.
Qf7 Qb4 28. Qxd5 Qd2 29. Qc4 Bg5 30. Rxh6+ Bxh6 31. Rf1 Rxf1+ 32. Bxf1 Qf2 33.
Qc8+ Kh7 34. Bd3+ g6 35. Qxb7+ Bg7 36. Qe4 Qf6 37. g3 Bf8 38. Qb7+ Bg7 39. Qe4
Bf8 40. a4 Bc5 41. Qb7+ Kh6 42. Qf3 0-1